Finances of Banaras Hindu University (Record no. 14148)

MARC details
000 -LEADER
fixed length control field 00272nam a2200121Ia 4500
082 ## - DEWEY DECIMAL CLASSIFICATION NUMBER
Classification number RL.0002
100 ## - MAIN ENTRY--AUTHOR NAME
Personal name Lal, Mukund
245 #0 - TITLE STATEMENT
Title Finances of Banaras Hindu University
260 ## - PUBLICATION, DISTRIBUTION, ETC. (IMPRINT)
Year of publication 0
300 ## - PHYSICAL DESCRIPTION
Number of Pages 462p.
942 ## - ADDED ENTRY ELEMENTS (KOHA)
Koha item type Books
Holdings
Withdrawn status Lost status Damaged status Not for loan Home library Current library Date acquired Bill Date Full call number Accession Number Price effective from Koha item type
        NASSDOC Library NASSDOC Library 08/10/2004 2004-10-22 RL.0002 26402 18/04/2019 Books